[Event "WIOSENNY OGOLNOPOLSKI INTEGRACYJNY TURNIEJ SZACHOWY"]
[Site "WEGIERSKA GORKA - OW AZALIA"]
[Date "1899-12-30"]
[Round "5.6"]
[White "Leszner, Liliana"]
[Black "Klucznik, Andre"]
[Result "1/2-1/2"]
[WhiteTitle "WIM"]
[BlackTitle "I"]
[WhiteElo "1837"]
[BlackElo "1687"]

1. e4 e6 2. d3 d5 3. Nd2 Nf6 4. g3 Nc6 5. Bg2 Bc5 6. Ngf3 dxe4 7. dxe4 e5 8. O-O
O-O 9. c3 a5 10. h3 b6 11. Qa4 Bd7 12. Qc2 Bc8 13. Nc4 Ba6 14. Rd1 Qe7 15. Ne3
Rad8 16. Nd5 Nxd5 17. exd5 e4 18. Ng5 Bd3 19. Rxd3 exd3 20. Qxd3 Qe1+ 21. Kh2
g6 22. Nf3 Qxf2 23. Bh6 Rfe8 24. Rf1 Qxb2 25. Qc4 Re2 26. Nd2 Rxd2 27. Bxd2 Qxd2
28. dxc6 Rf8 29. Qf4 Qxf4 30. Rxf4 Kg7 31. Bd5 f5 32. Kg2 Re8 33. g4 Re2+ 34.
Kf1 Re5 35. Bb3 Bd6 36. Rd4 fxg4 37. hxg4 Rc5 38. Bd5 Rxc3 39. a4 Kf6 40. Bg2
Kg5 41. Be4 Kxg4 42. Bxg6+ Kf3 43. Rd3+ Rxd3 44. Bxd3 h6 45. Kg1 h5 46. Kh1 h4
47. Ba6 1/2-1/2

[Event "WIOSENNY OGOLNOPOLSKI INTEGRACYJNY TURNIEJ SZACHOWY"]
[Site "WEGIERSKA GORKA - OW AZALIA"]
[Date "1899-12-30"]
[Round "5.7"]
[White "Ulrych, Wojciech"]
[Black "Kultucki, Kamil"]
[Result "1-0"]
[WhiteTitle "I++"]
[BlackTitle "II"]
[WhiteElo "1813"]
[BlackElo "1313"]

1. e4 c5 2. Nc3 Nc6 3. g3 g6 4. Bg2 Bg7 5. d3 d6 6. f4 e6 7. Nf3 Nge7 8. O-O O-O
9. Be3 Nd4 10. Rb1 d5 11. Bf2 Nec6 12. exd5 exd5 13. Nxd4 cxd4 14. Nxd5 Be6 15.
c4 dxc3 16. Nxc3 Qa5 17. Qf3 Rab8 18. Rfc1 Rfd8 19. a3 Nd4 20. Qd1 Bb3 21. Qf1
Bc2 22. Ra1 Qa6 23. Be4 f5 24. Bd5+ Rxd5 25. Nxd5 Bxd3 26. Qd1 Ne2+ 27. Kg2 Be4+
28. Kh3 Nxc1 29. Rxc1 g5 30. fxg5 Qe6 31. Nf4 Qe7 32. Bxa7 Rd8 33. Qh5 Qd6 34.
Qe2 Be5 35. Bc5 Qd7 36. Qc4+ Kh8 37. Bb6 Re8 38. b4 Bxf4 39. gxf4 Bd5 40. Qd4+
Kg8 41. Rc7 Qxc7 42. Bxc7 1-0

[Event "WIOSENNY OGOLNOPOLSKI INTEGRACYJNY TURNIEJ SZACHOWY"]
[Site "WEGIERSKA GORKA - OW AZALIA"]
[Date "1899-12-30"]
[Round "5.8"]
[White "Krupa, Jerzy"]
[Black "Suliga, Eckhard"]
[Result "1-0"]
[WhiteTitle "I"]
[BlackTitle "II"]
[WhiteElo "1813"]
[BlackElo "1602"]

1. Nf3 Nf6 2. c4 e6 3. Nc3 d5 4. d4 Bb4 5. Bg5 Nbd7 6. e3 b6 7. cxd5 Bxc3+ 8. bxc3
exd5 9. Bb5 h6 10. Bxf6 Qxf6 11. Ne5 Qe6 12. Qa4 a5 13. O-O f6 14. Ng6 Rg8 15.
Nf4 Qf7 16. Bc6 1-0

[Event "WIOSENNY OGOLNOPOLSKI INTEGRACYJNY TURNIEJ SZACHOWY"]
[Site "WEGIERSKA GORKA - OW AZALIA"]
[Date "1899-12-30"]
[Round "5.13"]
[White "Klimanek, Daniel"]
[Black "Biernot, Mariusz"]
[Result "1-0"]
[WhiteTitle "I"]
[BlackTitle "I"]
[WhiteElo "1594"]
[BlackElo "1627"]

1. e4 c5 2. Nf3 d6 3. Bb5+ Bd7 4. Bxd7+ Nxd7 5. O-O Ngf6 6. Re1 e6 7. c3 e5 8.
d4 Be7 9. d5 b5 10. a4 a6 11. Nbd2 c4 12. b4 g6 13. Nf1 Bf8 14. g3 Bg7 15. h4
O-O 16. Bd2 h6 17. Kg2 Kh7 18. Qc2 Nb6 19. a5 Nc8 20. Ne3 Ne7 21. Nh2 Nh5 22.
Qd1 Qe8 23. f3 f5 24. Nc2 Qd7 25. Qe2 Rf7 26. Rf1 f4 27. gxf4 Nxf4+ 28. Bxf4 Rxf4
29. Rh1 Rxh4 30. Ng4 Rxh1 31. Rxh1 h5 32. Qf2 Kg8 33. Nge3 Bh6 34. Nf1 Qa7 35.
Qh4 Rf8 36. Qh3 Rf6 37. Ng3 Qc7 38. Ne2 Qc8 39. Qg3 Kh7 40. Qf2 Qf8 41. Ne1 Nc8
42. Ng3 Bf4 43. Kf1 Qh6 44. Ne2 Be3 45. Qh4 Qg5 46. Qh3 Rf8 47. Qd7+ Qe7 48. Qh3
Qf7 49. Kg2 Kh6 50. f4 Bxf4 51. Rf1 g5 52. Ng3 Ne7 53. Qd7 Qf6 54. Nc2 g4 55.
Ne3 Qh4 56. Qxd6+ Kh7 57. Rxf4 exf4 58. Nef5 Qh3+ 59. Kg1 Nxf5 60. Nxf5 Rxf5 61.
exf5 Qe3+ 62. Kf1 Qd3+ 63. Kg1 Qxf5 64. Qe7+ Kg6 65. d6 Qb1+ 66. Kg2 Qc2+ 67.
Kh1 Qd1+ 68. Kg2 Qd5+ 69. Kg1 Qd1+ 70. Kg2 f3+ 71. Kg3 Qe2 72. Qf8 Qe5+ 73. Kf2
Kg5 74. Qe7+ Kf4 75. Qxe5+ Kxe5 76. d7 Kf4 77. d8=Q g3+ 78. Kf1 Kg4 79. Qd7+ 1-0

[Event "WIOSENNY OGOLNOPOLSKI INTEGRACYJNY TURNIEJ SZACHOWY"]
[Site "WEGIERSKA GORKA - OW AZALIA"]
[Date "1899-12-30"]
[Round "5.15"]
[White "Lapczyk, Jerzy"]
[Black "Wesolowska, Hanna"]
[Result "0-1"]
[WhiteTitle "II"]
[BlackTitle "WFM"]
[WhiteElo "1428"]
[BlackElo "1821"]

1. e4 e5 2. Bc4 Nf6 3. Nc3 Bc5 4. Nf3 d6 5. O-O Bg4 6. Be2 a6 7. d3 Nc6 8. h3 Bh5
9. Nh2 Bxe2 10. Nxe2 h6 11. Nc3 Qd7 12. Re1 O-O-O 13. Nf3 g5 14. Nd5 Nxd5 15.
exd5 Ne7 16. c4 f5 17. d4 Bb4 18. Bd2 Bxd2 19. Qxd2 e4 20. Nh2 Ng6 21. g3 f4 22.
Rxe4 Qxh3 23. Re6 fxg3 24. fxg3 Qxg3+ 25. Qg2 Qxg2+ 26. Kxg2 Nf4+ 27. Kg3 Nxe6
28. dxe6 d5 29. c5 Rde8 30. Re1 Rhf8 31. Ng4 h5 32. e7 Rf4 33. Nf2 h4+ 34. Kg2
Rxd4 35. Re5 g4 36. Re2 Kd7 37. b3 Rxe7 38. c6+ bxc6 39. Rc2 Kd6 40. Rb2 c5 41.
a3 a5 42. Kf1 Re3 43. Ra2 h3 0-1

[Event "WIOSENNY OGOLNOPOLSKI INTEGRACYJNY TURNIEJ SZACHOWY"]
[Site "WEGIERSKA GORKA - OW AZALIA"]
[Date "1899-12-30"]
[Round "5.16"]
[White "Kwiatkowski, Jacek"]
[Black "Olszewski, Jerzy"]
[Result "1-0"]
[WhiteTitle "I++"]
[BlackTitle "I"]
[WhiteElo "1817"]
[BlackElo "1514"]

1. d4 d5 2. Bf4 Nf6 3. e3 g6 4. Bd3 Bg7 5. Nc3 c6 6. a4 O-O 7. h4 Re8 8. h5 Nxh5
9. Rxh5 gxh5 10. Qxh5 f5 11. Nf3 Rf8 12. O-O-O Qe8 13. Qh3 Qg6 14. Rh1 h6 15.
Ne2 Nd7 16. Nh4 Qg4 17. Qh2 e6 18. Ng3 Bf6 19. f3 Qg7 20. Nhxf5 exf5 21. Nxf5
Qh8 22. Nxh6+ 1-0

[Event "WIOSENNY OGOLNOPOLSKI INTEGRACYJNY TURNIEJ SZACHOWY"]
[Site "WEGIERSKA GORKA - OW AZALIA"]
[Date "1899-12-30"]
[Round "5.17"]
[White "Wesolowski, Tadeusz"]
[Black "Sukiennik, Oliwier"]
[Result "1-0"]
[WhiteTitle "k"]
[BlackTitle "II+"]
[WhiteElo "1739"]
[BlackElo "1448"]

1. d4 Nf6 2. c4 g6 3. Nc3 Bg7 4. e4 d6 5. Nf3 O-O 6. Be2 Bg4 7. Be3 Nc6 8. O-O
e5 9. d5 Ne7 10. Nd2 Bxe2 11. Qxe2 Nxe4 12. Ndxe4 f5 13. Ng5 Qd7 14. Ne6 f4 15.
Bd2 f3 16. gxf3 Rf5 17. Ne4 Rf7 18. b4 Nf5 19. N4g5 Re7 20. Nxg7 Rxg7 21. Qe4
Rf7 22. Nxf7 Qxf7 23. f4 Nd4 24. Bc3 Nf5 25. fxe5 dxe5 26. Qxe5 Ng7 27. Rfe1 Rf8
28. Qxg7+ 1-0

[Event "WIOSENNY OGOLNOPOLSKI INTEGRACYJNY TURNIEJ SZACHOWY"]
[Site "WEGIERSKA GORKA - OW AZALIA"]
[Date "1899-12-30"]
[Round "6.1"]
[White "Furtak, Joanna"]
[Black "Malecki, Rafal"]
[Result "1/2-1/2"]
[WhiteTitle "k"]
[BlackTitle "k+"]
[WhiteElo "1892"]
[BlackElo "1959"]

1. e4 g6 2. d4 d6 3. Nc3 Nf6 4. f4 Bg7 5. Nf3 c5 6. Bb5+ Bd7 7. e5 Ng4 8. e6 Bxb5
9. exf7+ Kd7 10. Nxb5 Qa5+ 11. Nc3 cxd4 12. Nxd4 Bxd4 13. Qxg4+ Qf5 14. Qxf5+
gxf5 15. Bd2 Nc6 16. O-O-O Raf8 17. Ne2 Bg7 18. c4 b6 19. b4 Rxf7 20. Kc2 Rc8
21. Kb3 Bf6 22. Bc3 Bxc3 23. Nxc3 Rg7 24. g3 h5 25. Rd3 h4 26. Rhd1 hxg3 27. hxg3
Rcg8 28. Ne2 Ke6 1/2-1/2

[Event "WIOSENNY OGOLNOPOLSKI INTEGRACYJNY TURNIEJ SZACHOWY"]
[Site "WEGIERSKA GORKA - OW AZALIA"]
[Date "1899-12-30"]
[Round "6.2"]
[White "Flazinski, Jozef"]
[Black "Ulrych, Wojciech"]
[Result "1/2-1/2"]
[WhiteTitle "I++"]
[BlackTitle "I++"]
[WhiteElo "1793"]
[BlackElo "1813"]

1. e4 e5 2. Nf3 Nc6 3. d4 exd4 4. Nxd4 Qf6 5. Be3 Bc5 6. c3 Nge7 7. Bc4 O-O 8.
O-O a6 9. f4 d6 10. Qd2 Bd7 11. Qf2 b5 12. Bd3 Ng6 13. Nd2 Bb6 14. N2f3 Nxf4 15.
Bc2 Ne6 16. Nxc6 Bxe3 17. Qxe3 Bxc6 18. Nd4 Nxd4 19. Rxf6 Nxc2 20. Qe2 Nxa1 21.
Rf1 Rae8 22. Rxa1 Rxe4 23. Qd3 Rfe8 24. Rf1 Rg4 25. g3 Rge4 26. b3 Re2 1/2-1/2

[Event "WIOSENNY OGOLNOPOLSKI INTEGRACYJNY TURNIEJ SZACHOWY"]
[Site "WEGIERSKA GORKA - OW AZALIA"]
[Date "1899-12-30"]
[Round "6.3"]
[White "Barwinski, Dionizy"]
[Black "Krupa, Jerzy"]
[Result "1-0"]
[WhiteTitle "FM"]
[BlackTitle "I"]
[WhiteElo "1938"]
[BlackElo "1813"]

1. d4 Nf6 2. c4 e6 3. Nf3 d5 4. Nc3 Be7 5. Bf4 c6 6. e3 O-O 7. h3 Nbd7 8. Bd3 dxc4
9. Bxc4 Nd5 10. Bg3 Qa5 11. Qc2 b5 12. Bb3 Bb7 13. O-O Nxc3 14. bxc3 c5 15. a4
c4 16. Ba2 Qxa4 17. Qxa4 bxa4 18. Bxc4 Nb6 19. Bb5 a3 20. Nd2 Rfc8 21. Rfc1 a6
22. Be2 Na4 23. c4 Bb4 24. Nb1 Be4 25. Nxa3 Bc3 26. Ra2 Bb2 27. Rf1 Bc3 28. Nb1
Bc6 29. Rxa4 Bxa4 30. Nxc3 Bb3 31. c5 a5 32. Bf3 Ra7 33. Nb5 Rd7 34. c6 Rd5 35.
Na7 Ra8 36. c7 1-0

[Event "WIOSENNY OGOLNOPOLSKI INTEGRACYJNY TURNIEJ SZACHOWY"]
[Site "WEGIERSKA GORKA - OW AZALIA"]
[Date "1899-12-30"]
[Round "6.4"]
[White "Kawula, Andrzej"]
[Black "Aleksandrowicz, Marek"]
[Result "0-1"]
[WhiteTitle "k"]
[BlackTitle "I++"]
[WhiteElo "1874"]
[BlackElo "1859"]

1. d4 d5 2. c4 c6 3. e3 Nf6 4. Nc3 e6 5. Nf3 Nbd7 6. Bd3 dxc4 7. Bxc4 b5 8. Bd3
b4 9. Ne4 Nxe4 10. Bxe4 Bb7 11. O-O Bd6 12. Bd2 O-O 13. Rc1 Qb6 14. Qc2 f5 15.
Qb3 Rae8 16. Bd3 c5 17. Bc4 Bxf3 18. Bxe6+ Kh8 19. Bxd7 Bxh2+ 20. Kxh2 Qh6+ 0-1

[Event "WIOSENNY OGOLNOPOLSKI INTEGRACYJNY TURNIEJ SZACHOWY"]
[Site "WEGIERSKA GORKA - OW AZALIA"]
[Date "1899-12-30"]
[Round "6.5"]
[White "Bobrowski, Piotr"]
[Black "Mannke, Manfred"]
[Result "1/2-1/2"]
[WhiteTitle "k"]
[BlackTitle "k"]
[WhiteElo "1833"]
[BlackElo "2162"]

1. c4 b6 2. Nc3 Bb7 3. d4 e6 4. e3 Nf6 5. Nf3 d5 6. Bd2 Nbd7 7. a3 Be7 8. b4 c5
9. bxc5 bxc5 10. cxd5 Nxd5 11. Be2 O-O 12. O-O N7b6 13. dxc5 Bxc5 14. Na4 Nxa4
15. Qxa4 Nb6 16. Qb5 Rc8 17. Rfd1 Bc6 18. Qxc5 Bxf3 19. Qb5 Bc6 20. Qe5 Nd7 21.
Qa5 Qxa5 22. Bxa5 Nf6 23. Ba6 Rb8 24. Bc7 Rb3 25. Rdb1 Rxb1+ 26. Rxb1 Nd5 27.
Bd6 Rd8 28. Rb8 Rxb8 29. Bxb8 Kf8 30. Bxa7 Ke8 31. e4 Nc3 32. e5 Kd7 33. Bd3 Be4
34. Bf1 Kc6 35. f3 Bc2 36. Be3 Ba4 37. Bd3 g6 38. Bd2 Bb5 39. Bc2 Ba4 40. Bxg6
fxg6 41. Bxc3 Kd5 42. Kf2 Kc4 43. Bb4 Kd4 44. Bd6 Bc2 45. Ke2 h5 46. h4 Ba4 47.
Kf2 Bb5 48. Kg3 Bf1 49. Kf2 Bb5 50. g4 Ba4 51. Kg3 Ke3 52. Bc5+ Ke2 53. f4 Kd3
54. f5 exf5 55. gxf5 gxf5 56. Kf4 Bd7 57. Bd6 Kd4 58. Kg5 Kd5 59. Bb8 Ke4 60.
Kf6 Kd5 61. Kg5 Ke4 62. Kxh5 f4 63. Kg5 f3 64. Ba7 Kxe5 65. h5 Ba4 66. Kg6 Be8+
67. Kg5 Bxh5 1/2-1/2

[Event "WIOSENNY OGOLNOPOLSKI INTEGRACYJNY TURNIEJ SZACHOWY"]
[Site "WEGIERSKA GORKA - OW AZALIA"]
[Date "1899-12-30"]
[Round "6.6"]
[White "Sukiennik, Marek"]
[Black "Klimanek, Daniel"]
[Result "1-0"]
[WhiteTitle "I+"]
[BlackTitle "I"]
[WhiteElo "1851"]
[BlackElo "1594"]

1. c4 e5 2. Nc3 Nc6 3. Nf3 f5 4. d3 Nf6 5. e4 Bb4 6. Bg5 O-O 7. exf5 d6 8. g4 Re8
9. Nd2 Bxc3 10. bxc3 d5 11. Bg2 e4 12. cxd5 exd3+ 13. Kf1 Ne5 14. h3 Qd6 15. Bxf6
Qxf6 16. Be4 Nd7 17. Rc1 Nc5 18. f3 Bd7 19. Kg2 c6 20. Qg1 b6 21. Qf2 Kh8 22.
Rhe1 cxd5 23. Bxd5 Bxf5 24. Bxa8 Rxa8 25. gxf5 Qg5+ 26. Kh2 Qf4+ 27. Kg1 Qxf5
28. Qg2 Rf8 29. Re7 g6 1-0

[Event "WIOSENNY OGOLNOPOLSKI INTEGRACYJNY TURNIEJ SZACHOWY"]
[Site "WEGIERSKA GORKA - OW AZALIA"]
[Date "1899-12-30"]
[Round "6.7"]
[White "Pastuszko, Katarzyna"]
[Black "Leszner, Liliana"]
[Result "0-1"]
[WhiteTitle "I+"]
[BlackTitle "WIM"]
[WhiteElo "1351"]
[BlackElo "1837"]

1. e4 g6 2. d4 Bg7 3. Nc3 d6 4. Bc4 c6 5. Nf3 Nf6 6. e5 dxe5 7. Nxe5 O-O 8. Bf4
Nbd7 9. Qe2 Nb6 10. O-O-O Nxc4 11. Qxc4 Be6 12. Qe2 Qa5 13. Kb1 Nd5 14. Nxd5 Bxd5
15. c4 Bxg2 16. Rhg1 Bh3 17. Rg3 Bf5+ 18. Ka1 f6 19. Nf3 Rae8 20. d5 e5 21. Bd2
Qc7 22. Bb4 c5 23. Bd2 Rd8 24. Nh4 Bc8 25. Rdg1 g5 26. Nf3 h6 27. h4 g4 28. Nh2
h5 29. f3 f5 30. fxg4 fxg4 31. Bg5 Rd6 32. Nf1 Rb6 33. Bc1 Qe7 34. Bg5 Qf7 35.
Bc1 Bf5 36. Nd2 Bg6 37. Rf1 Rf6 38. Rxf6 Qxf6 39. Qh2 Qf5 40. Rg1 Bh6 41. a3 Qd3
42. Rg3 Qc2 43. Rg1 Bf4 44. Qg2 e4 45. Qe2 e3 0-1

[Event "WIOSENNY OGOLNOPOLSKI INTEGRACYJNY TURNIEJ SZACHOWY"]
[Site "WEGIERSKA GORKA - OW AZALIA"]
[Date "1899-12-30"]
[Round "6.8"]
[White "Klucznik, Andre"]
[Black "Sosnowska, Elzbieta"]
[Result "0-1"]
[WhiteTitle "I"]
[BlackTitle "WFM"]
[WhiteElo "1687"]
[BlackElo "1730"]

1. c4 e6 2. g3 d5 3. Bg2 Nf6 4. Nf3 c5 5. cxd5 exd5 6. d4 Nc6 7. O-O Be6 8. Nc3
h6 9. a3 a6 10. dxc5 Bxc5 11. b4 Be7 12. e3 O-O 13. Bb2 Rc8 14. Rc1 b5 15. h3
Qd7 16. Kh2 Rfd8 17. Ne2 Ne4 18. Ned4 Bf6 19. Rxc6 Rxc6 20. Nxc6 Qxc6 21. Nd4
Qc4 22. Nxe6 fxe6 23. Bxf6 Nxf6 24. Qa1 Rc8 25. Rd1 Qc3 26. Qxc3 Rxc3 27. Ra1
Rb3 28. Kg1 Kf7 29. Kf1 e5 30. Ra2 g5 31. Ke2 e4 32. Kd2 Rb1 33. Ke2 Ke6 34. Rc2
Kd6 35. f3 Ra1 36. fxe4 dxe4 37. Rc3 Ra2+ 38. Kf1 Nd5 39. Rb3 Ke5 40. h4 g4 41.
Kg1 Re2 42. Rb1 Rxe3 43. a4 bxa4 44. Bf1 Rxg3+ 45. Kh2 Rb3 46. Ra1 a3 47. Bxa6
Nxb4 48. Bc4 Rc3 49. Bf7 Nc2 50. Rc1 Rh3+ 51. Kg1 Nd4 52. Rc5+ Kf4 53. h5 Nf3+
54. Kf1 a2 55. Bxa2 Rh1+ 56. Kg2 Rh2+ 57. Kf1 Rxa2 58. Rc6 e3 59. Rf6+ Kg3 60.
Re6 Rf2# 0-1

[Event "WIOSENNY OGOLNOPOLSKI INTEGRACYJNY TURNIEJ SZACHOWY"]
[Site "WEGIERSKA GORKA - OW AZALIA"]
[Date "1899-12-30"]
[Round "6.9"]
[White "Gasik, Piotr"]
[Black "Wesolowski, Tadeusz"]
[Result "1-0"]
[WhiteTitle "k"]
[BlackTitle "k"]
[WhiteElo "2018"]
[BlackElo "1739"]

1. f4 d5 2. Nf3 Nf6 3. g3 e6 4. Bg2 Be7 5. O-O O-O 6. c3 b6 7. a4 Bb7 8. d3 Nbd7
9. Bd2 c5 10. Na3 Rc8 11. h3 Qc7 12. Qc2 Bc6 13. Rae1 Qb7 14. Qd1 a6 15. Kh2 b5
16. axb5 axb5 17. b4 cxb4 18. cxb4 Qa8 19. Nc2 Qa4 20. Ncd4 Bb7 21. Qb3 Rc7 22.
Qb2 Qa6 23. Ra1 Qb6 24. Ra5 Bc6 25. Rfa1 Nb8 26. Be3 Qb7 27. f5 exf5 28. Nxf5
Re8 29. Bf4 1-0

[Event "WIOSENNY OGOLNOPOLSKI INTEGRACYJNY TURNIEJ SZACHOWY"]
[Site "WEGIERSKA GORKA - OW AZALIA"]
[Date "1899-12-30"]
[Round "6.18"]
[White "Gruca, Zdzislaw"]
[Black "Wesolowski, Lukasz"]
[Result "1/2-1/2"]
[WhiteTitle "I+"]
[BlackTitle "III"]
[WhiteElo "1644"]
[BlackElo "1025"]

1. e4 c6 2. d4 d5 3. Nc3 dxe4 4. Nxe4 Bf5 5. Ng3 Bg6 6. Nf3 Nd7 7. h4 h6 8. h5
Bh7 9. Bd3 Bxd3 10. Qxd3 e6 11. Be3 Ngf6 12. O-O-O Be7 13. Kb1 Qa5 14. Nd2 b5
15. Nge4 Nd5 1/2-1/2

[Event "WIOSENNY OGOLNOPOLSKI INTEGRACYJNY TURNIEJ SZACHOWY"]
[Site "WEGIERSKA GORKA - OW AZALIA"]
[Date "1899-12-30"]
[Round "7.1"]
[White "Malecki, Rafal"]
[Black "Flazinski, Jozef"]
[Result "1-0"]
[WhiteTitle "k+"]
[BlackTitle "I++"]
[WhiteElo "1959"]
[BlackElo "1793"]

1. e4 c5 2. Nf3 a6 3. c4 Nc6 4. d4 cxd4 5. Nxd4 e5 6. Nb3 Bb4+ 7. N1d2 Nf6 8. a3
Be7 9. Bd3 d6 10. Nf1 O-O 11. Ne3 b5 12. cxb5 axb5 13. O-O Be6 14. Nd5 b4 15.
a4 Na5 16. Nxa5 Bxd5 17. exd5 Rxa5 18. Bb5 Qb8 19. Qd3 Rc8 20. Be3 Bd8 21. Rac1
Rxc1 22. Rxc1 Kf8 23. Bd2 Ra7 24. Bxb4 Ke7 25. Rc6 Ne8 26. Qc3 Bc7 27. Qxe5+ Kf8
28. Rc1 f6 29. Qe6 h6 30. Bxe8 Qxe8 31. Rxc7 Qxe6 32. dxe6 Rxc7 33. Bxd6+ Re7
34. a5 Ke8 35. Bxe7 1-0

[Event "WIOSENNY OGOLNOPOLSKI INTEGRACYJNY TURNIEJ SZACHOWY"]
[Site "WEGIERSKA GORKA - OW AZALIA"]
[Date "1899-12-30"]
[Round "7.2"]
[White "Aleksandrowicz, Marek"]
[Black "Barwinski, Dionizy"]
[Result "1/2-1/2"]
[WhiteTitle "I++"]
[BlackTitle "FM"]
[WhiteElo "1859"]
[BlackElo "1938"]

1. e4 c6 2. d4 d5 3. Nc3 dxe4 4. Nxe4 Bf5 5. Ng3 Bg6 6. h4 h6 7. Nf3 Nd7 8. h5
Bh7 9. Bd3 Bxd3 10. Qxd3 e6 11. Bd2 Ngf6 12. O-O-O Bd6 13. Ne4 Nxe4 14. Qxe4 Nf6
1/2-1/2

[Event "WIOSENNY OGOLNOPOLSKI INTEGRACYJNY TURNIEJ SZACHOWY"]
[Site "WEGIERSKA GORKA - OW AZALIA"]
[Date "1899-12-30"]
[Round "7.3"]
[White "Leszner, Liliana"]
[Black "Furtak, Joanna"]
[Result "1-0"]
[WhiteTitle "WIM"]
[BlackTitle "k"]
[WhiteElo "1837"]
[BlackElo "1892"]

1. e4 c5 2. Nc3 Nc6 3. g3 g6 4. Bg2 Bg7 5. d3 d6 6. Be3 Rb8 7. f4 b5 8. Qd2 b4
9. Nd1 e6 10. Nh3 Nge7 11. O-O Qb6 12. Qf2 h5 13. Ng5 a5 14. Bh3 Nd4 15. c3 Nb5
16. Rc1 bxc3 17. bxc3 Qc6 18. Bg2 c4 19. f5 Bh6 20. fxg6 fxg6 21. Nf7 Bxe3 22.
Nxe3 Rg8 23. Nxc4 d5 24. exd5 exd5 25. a4 Nc7 26. Ncd6+ Kd7 27. Ne5+ 1-0

[Event "WIOSENNY OGOLNOPOLSKI INTEGRACYJNY TURNIEJ SZACHOWY"]
[Site "WEGIERSKA GORKA - OW AZALIA"]
[Date "1899-12-30"]
[Round "7.4"]
[White "Ulrych, Wojciech"]
[Black "Sukiennik, Marek"]
[Result "1/2-1/2"]
[WhiteTitle "I++"]
[BlackTitle "I+"]
[WhiteElo "1813"]
[BlackElo "1851"]

1. e4 c5 2. Nc3 d6 3. g3 Nc6 4. Bg2 g6 5. d3 Bg7 6. Nge2 e6 7. O-O Nge7 8. Bg5
h6 9. Be3 O-O 10. Qd2 Kh7 11. f4 f5 12. Bf2 Nd4 13. Nd1 Rb8 14. c3 Nxe2+ 15. Qxe2
b6 1/2-1/2

[Event "WIOSENNY OGOLNOPOLSKI INTEGRACYJNY TURNIEJ SZACHOWY"]
[Site "WEGIERSKA GORKA - OW AZALIA"]
[Date "1899-12-30"]
[Round "7.6"]
[White "Mannke, Manfred"]
[Black "Wesolowska, Hanna"]
[Result "1-0"]
[WhiteTitle "k"]
[BlackTitle "WFM"]
[WhiteElo "2162"]
[BlackElo "1821"]

1. d4 d5 2. c4 dxc4 3. Nf3 Nf6 4. e3 e6 5. Bxc4 c5 6. O-O Nc6 7. Nc3 a6 8. a4 Be7
9. d5 exd5 10. Nxd5 O-O 11. Nxe7+ Qxe7 12. a5 Bg4 13. Be2 Rfd8 14. Nd2 Bxe2 15.
Qxe2 Nb4 16. Nc4 Rd3 17. Bd2 Rad8 18. Bxb4 cxb4 19. h3 Kf8 20. Rac1 Ne4 21. Rfd1
Nc5 22. Nb6 Rxd1+ 23. Rxd1 Nb3 24. Rxd8+ Qxd8 25. Qc2 Nd2 26. Qxh7 Qg5 27. Qd3
Nf3+ 28. Kf1 Ne5 29. Qd6+ Qe7 30. Qb8+ Qe8 31. Qxe5 1-0

[Event "WIOSENNY OGOLNOPOLSKI INTEGRACYJNY TURNIEJ SZACHOWY"]
[Site "WEGIERSKA GORKA - OW AZALIA"]
[Date "1899-12-30"]
[Round "7.7"]
[White "Kwiatkowski, Jacek"]
[Black "Kawula, Andrzej"]
[Result "0-1"]
[WhiteTitle "I++"]
[BlackTitle "k"]
[WhiteElo "1817"]
[BlackElo "1874"]

1. d4 e6 2. Bf4 d5 3. e3 f5 4. c4 Nf6 5. Nc3 c6 6. c5 Be7 7. h3 O-O 8. Nf3 Ne4
9. Nxe4 fxe4 10. Ne5 Nd7 11. b4 Bg5 12. Bg3 Qf6 13. h4 Bh6 14. Ng4 Qg6 15. Be2
e5 16. dxe5 Re8 17. h5 Qe6 18. Qd4 Nf8 19. f4 exf3 20. gxf3 Bg5 21. f4 Be7 22.
e4 Qf7 23. f5 Bg5 24. Rd1 Qe7 25. exd5 Bxf5 26. d6 Qd7 27. O-O Be6 28. Bc4 Kh8
29. Bxe6 Nxe6 30. Qe4 Rf8 31. Rxf8+ Rxf8 32. Rf1 Rxf1+ 33. Kxf1 Qf7+ 34. Kg2 Qxh5
35. Qf5 Qe8 36. Nf2 Kg8 37. Ne4 Bd8 38. a4 Qf7 39. Qg4 h5 40. Qe2 Qg6 41. Kf1
Qf5+ 42. Kg1 h4 43. Bh2 Kf7 44. d7 Ke7 45. Qd3 Bc7 46. b5 Nd8 47. Qd4 Qg4+ 48.
Kf1 Qxd7 49. Nd6 Qh3+ 50. Kg1 Ne6 51. Qe4 Bxd6 52. cxd6+ Kd7 53. bxc6+ bxc6 54.
Qb4 Qe3+ 55. Kf1 Qf3+ 56. Kg1 Qd1+ 57. Kg2 Qc2+ 58. Kf1 Qd1+ 59. Kg2 Qe2+ 60.
Kg1 Qe3+ 61. Kg2 h3+ 62. Kf1 Qf3+ 63. Ke1 Qh1+ 0-1

[Event "WIOSENNY OGOLNOPOLSKI INTEGRACYJNY TURNIEJ SZACHOWY"]
[Site "WEGIERSKA GORKA - OW AZALIA"]
[Date "1899-12-30"]
[Round "7.8"]
[White "Krupa, Jerzy"]
[Black "Bobrowski, Piotr"]
[Result "1-0"]
[WhiteTitle "I"]
[BlackTitle "k"]
[WhiteElo "1813"]
[BlackElo "1833"]

1. e4 g6 2. d4 Bg7 3. Nf3 e6 4. c3 Ne7 5. Be2 O-O 6. O-O d5 7. exd5 Nxd5 8. Re1
Nd7 9. Bg5 f6 10. Bd2 Re8 11. c4 N5b6 12. c5 Nd5 13. Nc3 c6 14. Bc4 b5 15. Bb3
Bb7 16. Ne4 Bf8 17. Rc1 a5 18. a3 Kg7 19. h4 h6 20. Ng3 Qc7 21. Bxd5 exd5 22.
Qc2 Be7 23. h5 Nf8 24. hxg6 Nxg6 25. Nf5+ Kh7 26. N3h4 Nxh4 27. Nxh4+ Kh8 28.
Qg6 Bf8 29. Rxe8 Rxe8 30. Qxe8 1-0

[Event "WIOSENNY OGOLNOPOLSKI INTEGRACYJNY TURNIEJ SZACHOWY"]
[Site "WEGIERSKA GORKA - OW AZALIA"]
[Date "1899-12-30"]
[Round "7.9"]
[White "Temel, Jan"]
[Black "Klucznik, Andre"]
[Result "1-0"]
[WhiteTitle "I++"]
[BlackTitle "I"]
[WhiteElo "1803"]
[BlackElo "1687"]

1. Nf3 e6 2. e3 Nf6 3. b3 g6 4. Bb2 Bg7 5. h4 b6 6. Ng5 Bb7 7. f3 c5 8. Na3 Qc7
9. Nb5 Qg3+ 10. Ke2 Ba6 11. c4 Bxb5 12. cxb5 d5 13. Qc2 Nbd7 14. Re1 Rc8 15. Kd1
O-O 16. Rh3 Qd6 17. h5 h6 18. Nxe6 Qxe6 19. hxg6 fxg6 20. Qxg6 Qf7 21. Qg3 Kh8
22. Bd3 c4 23. bxc4 dxc4 24. Bg6 Qd5 25. Bc3 Rc5 26. f4 Ne5 27. Bxe5 c3 28. d4
Rxb5 29. Bc2 Qxa2 30. Qg6 Rb1+ 31. Ke2 Rxe1+ 32. Kxe1 Qf7 33. Rxh6+ Bxh6 34. Bxf6+
Bg7 35. Qh6+ Kg8 36. Qh7# 1-0

[Event "WIOSENNY OGOLNOPOLSKI INTEGRACYJNY TURNIEJ SZACHOWY"]
[Site "WEGIERSKA GORKA - OW AZALIA"]
[Date "1899-12-30"]
[Round "7.10"]
[White "Pojedziniec, Wladyslaw"]
[Black "Bartczak, Hanna"]
[Result "1/2-1/2"]
[WhiteTitle "FM"]
[BlackTitle "I++"]
[WhiteElo "1904"]
[BlackElo "1395"]

1. d4 f5 2. e4 fxe4 3. Nc3 Nf6 4. Bg5 c6 5. Bxf6 exf6 6. Nxe4 d5 7. Ng3 g6 8. Bd3
Bg7 9. h4 Qe7+ 10. Qe2 Qxe2+ 11. N1xe2 Be6 12. h5 Bf7 13. hxg6 hxg6 14. Rxh8+
Bxh8 15. O-O-O Nd7 16. Nf4 Nf8 17. Re1+ Kd7 18. c3 Re8 19. Rxe8 Kxe8 20. a4 a5
21. Kc2 f5 22. f3 Bf6 1/2-1/2

[Event "WIOSENNY OGOLNOPOLSKI INTEGRACYJNY TURNIEJ SZACHOWY"]
[Site "WEGIERSKA GORKA - OW AZALIA"]
[Date "1899-12-30"]
[Round "7.11"]
[White "Wisla, Jakub"]
[Black "Muc, Zbigniew"]
[Result "0-1"]
[WhiteTitle "II+"]
[BlackTitle "I"]
[WhiteElo "1881"]
[BlackElo "1561"]

1. e4 c6 2. d4 d5 3. f3 g6 4. Be3 Bg7 5. c3 dxe4 6. fxe4 e5 7. Nf3 Qb6 8. Qd2 Qc7
9. Bd3 Ne7 10. dxe5 O-O 11. Bf4 Be6 12. Bh6 Rd8 13. Bxg7 Kxg7 14. O-O Nd7 15.
Qg5 Ng8 16. Nbd2 Qb6+ 17. Nd4 Nf8 18. Nc4 Qc7 19. Nd6 Rd7 20. Rf6 Qd8 21. Raf1
Rxd6 22. Rxf7+ Bxf7 23. Nf5+ Kh8 24. Nxd6 Bxa2 25. Qg3 Qe7 26. c4 Nd7 27. Rf7
Qe6 28. Qh4 h6 29. Rf2 Nxe5 30. Nf5 gxf5 31. exf5 Qf6 32. Qe4 Nxd3 33. Qxd3 Rd8
34. Qc2 Qd4 35. h3 Bxc4 36. Kh2 Nf6 37. b3 Bb5 38. g3 Kg7 39. Rg2 Bd3 40. Qc1
Be4 41. Re2 Qd1 42. Qxd1 Rxd1 43. g4 Rb1 44. Re3 Rb2+ 45. Kg3 Rg2+ 46. Kh4 Rd2
47. b4 Rd3 48. Re2 Rb3 49. Ra2 a6 50. Rd2 Rxb4 51. Kg3 Bxf5 52. gxf5 Ne4+ 0-1

[Event "WIOSENNY OGOLNOPOLSKI INTEGRACYJNY TURNIEJ SZACHOWY"]
[Site "WEGIERSKA GORKA - OW AZALIA"]
[Date "1899-12-30"]
[Round "7.14"]
[White "Kultucki, Kamil"]
[Black "Janocha, Jan"]
[Result "1-0"]
[WhiteTitle "II"]
[BlackTitle "I"]
[WhiteElo "1313"]
[BlackElo "1595"]

1. e4 e6 2. d4 b6 3. Nf3 Bb7 4. Bd3 Nf6 5. e5 Nd5 6. c4 Bb4+ 7. Bd2 Bxd2+ 8. Qxd2
Ne7 9. O-O O-O 10. Ng5 Ng6 11. f4 h6 12. Nh3 d5 13. b3 dxc4 14. Bxg6 fxg6 15.
bxc4 a5 16. Qe3 Nc6 17. Rd1 Ne7 18. Nc3 Nf5 19. Qf2 Qe7 20. Rd2 Qb4 21. Rc1 Rad8
22. d5 Qxc4 23. Ne2 Qb4 24. Rdc2 Bxd5 25. Rxc7 b5 26. Qa7 Qe4 27. Qf2 b4 28. Ng3
Nxg3 29. hxg3 Rf7 30. Rc8 Rff8 31. R8c7 Rf7 32. Rc8 Rxc8 33. Rxc8+ Kh7 34. g4
Bb7 35. Rd8 Rc7 36. Qg3 Rc3 37. Ng5+ 1-0